| 000 | 00850nam a2200229 i 4500 | ||
|---|---|---|---|
| 001 | 145368 | ||
| 003 | ES-MaACL | ||
| 005 | 20250831030034.0 | ||
| 007 | t| | ||
| 008 | 070214s1961 mx r ||||1| spa d | ||
| 100 | 1 |
_aMartín Fernández, Alberto. _9160493 |
|
| 245 | 1 | 4 |
_aLos Cristeros del volcán de Colima _b: escenas de la lucha por la libertad religiosa en México 1926-1929 / _cSpectator. |
| 250 | _a2ª. ed. | ||
| 260 |
_aMéxico : _bJus, _c1961. |
||
| 300 |
_a2 v. ; _c23 cm. |
||
| 490 | 1 |
_aFiguras y episodios de la historia de México ; _v103-104 |
|
| 650 | 0 | 4 |
_aIglesia y Estado- _zMéxico _913567 |
| 651 | 4 |
_aMéxico- _xHistoria- _y1926-1929, Rebelión de los cristeros. _9160492 |
|
| 830 | 0 |
_aFiguras y episodios de la historia de México ; _v103-104 _9181876 |
|
| 852 |
_aES-MaACL _jE-9406-07 _bR.94201 |
||
| 999 |
_c145368 _d145368 |
||